All Whatsapp emoji flags not belonging to sovereign states - Statistics

General Stats
  • This quiz has been taken 105 times
  • The average score is 26 of 53
Answer Stats
Territorie/Region % Correct
Isle of Man
70%
Scotland
69%
England
67%
Palestine
67%
Wales
67%
British Virgin Islands
62%
US Virgin Islands
62%
American Samoa
61%
Faroe Islands
61%
Greenland
61%
Guam
59%
Guernsey
59%
Puerto Rico
59%
Jersey
57%
Åland Islands
56%
Aruba
56%
Bermuda
56%
Cook Islands
56%
Curaçao
54%
Gibraltar
54%
Hong Kong
54%
Martinique
54%
Niue
54%
Sint Maarten
54%
French Polynesia
52%
New Caledonia
52%
Macau
51%
Cayman Islands
49%
Christmas Island
49%
Reunion
49%
Anguilla
48%
Bonaire
48%
Guadeloupe
48%
Western Sahara
46%
French Guiana
43%
Mayotte
43%
Northern Mariana Islands
43%
Saint Pierre and Miquelon
43%
Cocos Island
39%
Falkland Islands
39%
Montserrat
39%
Pitcairn Islands
39%
Antarctica
38%
Tokelau
38%
Wallis and Futuna
38%
Norfolk Island
36%
Saint Helena
34%
Turks and Caicos Islands
34%
British Indian Ocean Territory
33%
South Georgia and the South Sandwich Islands
31%
Saint Barthélemy
28%
Canary Islands
16%
French Southern and Antarctic Lands
16%
No matching quizzes found
Score Distribution
Percent of People with Each Score
Percentile by Number Answered
Your Score History
You have not taken this quiz